000 01227nam a2200301 i 4500
001 162682
003 ES-MaACL
005 20251004063212.0
008 990416s1896 sp a |||| | spa d
040 _aCCPB | B
_bspa
_cCCPB | B
080 _a551.5:(0:82)
100 2 _aPuente y Ubeda, Carlos,
_d1855-1925
_9131403
245 1 0 _aMeteorología popular o Refranero Meteorológico de la Península Ibérica.
_nI /
_cordenadamente expuesto a título de ensayo por Carlos Puente y Úbeda.
246 1 0 _aRefranero meteorológico de la Península Ibérica
260 _aMadrid :
_b[s.n.],
_c1896 (
_fTip. de los Sucesores de Cuesta)
300 _a279 p. :
_bil. ;
_c20 cm.
490 1 _aBiblioteca "Vox Populi"
505 8 _aContiene: I ;
_tClimatología
530 _aDisponible en formato digital.
595 _aPalau sólo cita esta parte.
650 0 4 _aTiempo (Meteorología)-
_vRefranes y proverbios.
_917535
651 4 _aEspaña-
_xClima.
_98172
752 _aEspaña -
_dMadrid
830 0 _aBiblioteca "Vox Populi"
_9222215
852 _aES-MaACL
_jF-6505
_z- Enc. hol.
856 _uhttp://bdh-rd.bne.es/viewer.vm?id=0000076115&page=1
_zBiblioteca Digital Hispánica
999 _c162682
_d162682